000 00545nam a22001937a 4500
005 20250728133539.0
008 221214b ||||| |||| 00| 0 eng d
020 _a9788195680702
040 _cAL
041 _aEnglish
082 _223
_a581.95487
_bMIRF
100 _aJyothi Miranda
_9220485
245 _aFlora of St Aloysius College Campus : Herbs and Shrubs
260 _aMangaluru
_bSt Aloysious Prakashana
_c2022
300 _a124p.
_bHB
_c21x21 cm.
650 _aBotanical Name
_966047
650 _aFamily
_966048
942 _2ddc
_cDB
999 _c225750
_d225750